El señorito Nerón y otras cartas muertas / (Record no. 29367)

MARC details
000 -LEADER
campo de control de longitud fija 00606nam a2200205 i 4500
001 - NÚMERO DE CONTROL
campo de control 29367
003 - IDENTIFICADOR DE NÚMERO DE CONTROL
campo de control ES-MaACL
005 - FECHA Y HORA DE LA ÚLTIMA TRANSACCIÓN
campo de control 20230906154024.0
007 - CAMPO FIJO DE DESCRIPCIÓN FÍSICA--INFORMACIÓN GENERAL
campo de control de longitud fija t|
008 - DATOS DE LONGITUD FIJA--INFORMACIÓN GENERAL
campo de control de longitud fija 030121s1960 sp ||||1| spa d
100 1# - ENTRADA PRINCIPAL--NOMBRE DE PERSONA
Nombre de persona Baring, Maurice.
9 (RLIN) 25656
245 13 - MENCIÓN DEL TÍTULO
Título El señorito Nerón y otras cartas muertas /
Mención de responsabilidad, etc. por Maurice Baring ; [versión castellana de Alfonso Nadal].
260 ## - PUBLICACIÓN, DISTRIBUCIÓN, ETC.
Lugar de publicación, distribución, etc. Barcelona :
Nombre del editor, distribuidor, etc. G. P.,
Fecha de publicación, distribución, etc. [1960] (
Fabricante Guada)
300 ## - DESCRIPCIÓN FÍSICA
Extensión 151 p. ;
Dimensiones 18 cm.
490 1# - MENCIÓN DE SERIE
Mención de serie Plaza
700 1# - ENTRADA AGREGADA--NOMBRE PERSONAL
Nombre de persona Nadal, Alfonso.
9 (RLIN) 84791
830 0# - PUNTO DE ACCESO ADICIONAL DE SERIE-TÍTULO UNIFORME
Título uniforme Plaza
9 (RLIN) 181244
852 ## - LOCALIZACIÓN
Ubicación ES-MaACL
Número de control de estantería C-18769
Sublocalización o colección R.46548
Holdings
Estatus retirado Estado de pérdida Estado de daño No para préstamo Biblioteca de origen Biblioteca actual Ubicación en estantería Fecha de adquisición Fuente de adquisición Total de préstamos Signatura topográfica completa Código de barras Visto por última vez Precio de reemplazo Tipo de ítem Koha
        Biblioteca del Ateneo de Madrid Biblioteca del Ateneo de Madrid Galería 17/01/2008     C-18769 1030318 23/02/2023 23/02/2023 Libro impreso